[Event "EU-Cup 22nd"]
[Site "Fuegen"]
[Date "2006.10.14"]
[Round "7.3"]
[White "Pelletier, Yannick"]
[Black "Timofeev, Artyom"]
[Result "1/2-1/2"]
[WhiteElo "2588"]
[BlackElo "2662"]
[Annotator "Pelletier,Y"]
[PlyCount "131"]
[EventDate "2006.10.08"]
[EventType "team-swiss"]
[EventRounds "7"]
[EventCountry "AUT"]
[SourceTitle "CBM 115"]
[Source "ChessBase"]
[SourceDate "2006.11.15"]
[SourceVersion "1"]
[SourceVersionDate "2006.11.15"]
[SourceQuality "1"]
[WhiteTeam "Clichy Echecs 92"]
[BlackTeam "Kazan Ladya"]
[WhiteTeamCountry "FRA"]
[BlackTeamCountry "RUS"]

1. d4 Nf6 2. c4 g6 3. Nc3 d5 4. cxd5 Nxd5 5. e4 Nxc3 6. bxc3 Bg7 7. Nf3 c5 8.
Rb1 O-O 9. Be2 Nd7 ({Dies kam als eine Überraschung, spielt ja Timofeev
normalerweise} 9... b6) 10. O-O Nf6 11. Qc2 ({Die Mode entwickelt sich eher
Richtung} 11. Bd3 {, auch wenn Weiß letztens gegen} b6 {kaum Vorteil beweisen
konnte.}) 11... Qc7 12. d5 Nh5 13. c4 ({Mittels} 13. Re1 {konnte Weiß mehr
Figuren auf dem Brett halten, was bei seinem Raumvorteil günstig ist. Nach} e6
(13... Nf4 14. Bf1 Bg4 $140 $2 15. d6 $1 Qxd6 16. e5) (13... f5 $6 14. Bc4) 14.
c4 {steht er leicht besser.}) 13... Nf4 14. Re1 Nxe2+ (14... f5 {scheitert an}
15. e5 Bxe5 16. Nxe5 Qxe5 17. Qd2 $1 $36 (17. Bb2 Qe4 {[%cal Ge4g2,Ge4c2]})
17... Qe4 $140 $2 18. Bf1 $1 Qxb1 19. Bb2 Qxa2 20. Rxe7 $18) 15. Qxe2 {[%cal
Ge4e5]} e5 {Der einzige Zug, um eine weiße Bauernwelle zu stoppen. Der
Freibauer auf d5 bedeutet im Moment keine Gefahr, da die weißen Figuren
schlecht koordiniert sind, um ihn zu unterstützen. Der Springer sollte z.B.
auf c3 stehen, um den Ausfall nach b5 zu drohen.} 16. Qc2 (16. a4 {war
vielleicht genauer:} b6 (16... Bd7 17. a5 $5) 17. a5 $5) 16... Bg4 17. Nd2 Bd7
18. a4 b6 19. Ra1 ({Unterstützt den a-Bauern und befreit das Feld b1 für den
Springer, der weiterhin nach c3 zielt. Aber der natürliche Zug} 19. Bb2 {
war vorzuziehen.}) 19... f5 20. exf5 ({f5-f4 sollte verhindert werden, man
sehe:} 20. Bb2 f4 21. Nf3 Bf6 22. Qc3 g5 $40) ({oder} 20. Nb1 f4 21. f3 g5 22.
Nc3 g4 $40) 20... gxf5 21. Bb2 Rae8 22. f3 $6 ({Mittels} 22. a5 {konnte Weiß
seine kleine Schwäche loswerden und dabei Initiative am Damenflügel entfalten.
WIchtig ist nach} b5 {die Antwort} 23. f4 $1 $36) 22... Qd6 23. Re2 Re7 24.
Rae1 Rfe8 $6 {(=)} (24... a6 {mit der Idee b5 gab Schwarz gute Chancen.}) 25.
Nf1 e4 $1 ({Diese forcierende Fortsetzung garantiert das Gleichgewicht.
Weniger gut waren die Alternativen} 25... a6 26. Ng3 Qg6 27. d6 Rf7 28. Bxe5 (
28. a5 $5) 28... Rxe5 29. Rxe5 Bxe5 30. Rxe5 Qxd6 31. Rd5 Qf6 32. f4 $14) ({und
} 25... Qg6 26. Ng3 h5 27. d6 Rf7 28. Bxe5 Rxe5 29. Rxe5 Bxe5 30. Rxe5 Qxd6 31.
Rd5 $14) 26. Bxg7 Kxg7 27. Ng3 $2 ({Da ich keinen Vorteil nach dem Schlagen
auf e4 finden konnte, verlor ich die Kontrolle und spielte den schwachen
Textzug. Danach steht sogar Schwarz besser. Weiß musste sich also mit} 27. fxe4
Rxe4 (27... fxe4 28. Re3 $1) 28. Rxe4 fxe4 29. Rxe4 {begnügen, auch wenn} Qg6
$1 {die schwarzen Problem löst:} ({als weniger genau erweist sich} 29... Rxe4
30. Qxe4 Bxa4 31. Ng3 Kg8 32. Qg4+ (32. Nf5 Qf6 $13) 32... Qg6 33. Qf4 Qb1+ 34.
Nf1 $36) 30. Qc3+ (30. Re2 Qxc2 31. Rxc2 Bxa4 32. Ra2 b5 33. cxb5 Bxb5 34.
Rxa7+ Kf6 35. Kf2 Ke5 $132) 30... Qf6 31. Qg3+ Qg6 {Nach dem Damentausch
erobert Schwarz den Bauern a4. Weiß kann nun entweder Dauerschach mittels Qc3
geben, oder das Endspiel versuchen:} 32. Rxe8 Qxg3 33. Nxg3 Bxe8 34. a5 Kf6 (
34... bxa5 35. Ne4 a4 36. Nxc5 a3 37. Nb3 Kf6 38. Kf2 Ke5 39. Ke3 $14) 35. axb6
axb6 36. Kf2 Ke5 37. Ke3 b5 $11 {Schwarz liquidiert, es wird doch noch Remis.})
27... exf3 28. Qc3+ (28. gxf3 Rxe2 29. Rxe2 Rxe2 30. Qxe2 Kf7 $36) 28... Kg8
29. Qxf3 Rxe2 30. Rxe2 Rxe2 31. Qxe2 (31. Nxe2 Qe5) 31... Qf4 {Schwarz
zentralisiert sich und Weiß wird zur Passivität gezwungen.} 32. Nh5 (32. Qc2
$142 Qd4+ 33. Kf1 Qe5 $36 34. Kf2 f4 $1 35. Ne2 Qe3+ 36. Kf1 f3 37. Ng3) 32...
Qd4+ 33. Kf1 Kf7 34. Ng3 (34. g3 Qe4) 34... Qa1+ 35. Kf2 Qd4+ 36. Kf1 Qg4 $6 (
36... Qh4 $17) 37. Qc2 $2 ({Nach dem Damentausch gäbe es in diesem Fall kein
Problem, das Remis zu halten:} 37. Qxg4 fxg4 38. a5 Kf6 39. axb6 axb6 40. Ke2
Ke5 41. Ke3 b5 42. cxb5 Bxb5 43. Ne4 $11) 37... Qf4+ 38. Kg1 Qd4+ 39. Kf1 Qe5
40. Kf2 Kg6 41. Kf3 Qa1 42. Kf2 (42. Ne2 {scheitert an} Bxa4 43. Nf4+ Kf6 44.
Nh5+ (44. Qe2 Bd1) 44... Kg5 45. h4+ Kxh4) 42... Qd4+ 43. Kf3 Qg4+ 44. Kf2 Qf4+
45. Ke2 (45. Kg1 Qd4+ 46. Kf1 h5) 45... h5 {Der Vorstoß des h-Bauern soll die
Entscheidung bringen. war auch gut genug.} 46. Nf1 Qe5+ 47. Kf3 h4 48. g3 (48.
h3 Kf6 49. g3 Be8 50. gxh4 Bh5+ 51. Kg2 f4) 48... h3 49. Ne3 Kg5 50. Ke2 f4 (
50... Be8 {war auch gut genug.}) 51. gxf4+ Kxf4 52. Qd3 (52. Qc1 Bg4+ 53. Kf2
Qd4) 52... Qd4 ({Am besten war wohl} 52... Kg5 $19 53. Qh7 $140 Bg4+) ({aber} 
52... Qe4 {hätte auch genügt}) 53. Qa3 (53. a5 bxa5 $19) 53... Bxa4 $4 (53...
Qe4 54. Kd2 Qh1 $19) ({und} 53... Be8 {hätten leicht gewonnen. Nun erhält Weiß
durch den folgenden etwas überraschenden Zug genug Gegenspiel.}) 54. Qc1 $1 Ke5
55. Qg1 Qb2+ {(=)} (55... Bd7 {war besser, um das Remis zu sichern:} 56. Qg5+ (
56. Qg8 Qf4) 56... Kd6 57. Qd8 $11) 56. Kf3 Kd6 (56... Kf6 {war genauer und
hätte laut Computer zum Remis geführt.}) 57. Qg3+ (57. Qg6+ Kc7 58. Qg3+) 57...
Kd7 $6 ({Nach} 57... Ke7 {gibt es auch nichts mehr als Unentschieden:} 58. Nf5+
Kd7 59. Qxh3 Qf6 $11) 58. Qxh3+ Kc7 (58... Kd8 59. Qh4+ Kc8 60. Qg4+ Bd7 61.
Qg8+ Kc7 62. Qg3+ Kc8 63. h4 a5 64. h5 a4 65. h6 a3 66. Qg8+) 59. Qh7+ $2 $138
({Dieser sinnlose Zug verliert Zeit und erlaubt dem Nachziehenden, seine
Kräfte wieder zu organisieren. Einen klaren Vorteil konnte mittels} 59. Qg3+
Kb7 60. h4 {gesichert werden, z.B:} Qf6+ (60... Be8 61. Qg5) 61. Qf4 $16 Qxf4+
$140 $2 62. Kxf4 Be8 63. Kg5 b5 64. cxb5 Bxb5 65. h5 $18) 59... Bd7 60. Qh6 a5
{Weiß kann nun keine genügende Drohungen aufstellen und muss wegem schnellen
Vorrücken des a-Bauern ins Dauerschach einwilligen.} 61. Qf4+ Kc8 62. Qf8+ Kb7
63. Qf7 (63. h4 a4) (63. Qe7 Kc7 64. d6+ Kc6) 63... Kc8 64. Qf8+ Kb7 65. Qf7
Kc8 66. Qf8+ 1/2-1/2

[Event "Bundesliga 0506"]
[Site "Germany"]
[Date "2006.02.18"]
[Round "10.4"]
[White "Pelletier, Yannick"]
[Black "Krasenkow, Michal"]
[Result "1-0"]
[WhiteElo "2579"]
[BlackElo "2636"]
[Annotator "Pelletier/Meyer,CD"]
[PlyCount "165"]
[EventDate "2005.10.21"]
[EventType "team-tourn"]
[EventRounds "15"]
[EventCountry "GER"]
[SourceTitle "CBM 112"]
[Source "ChessBase"]
[SourceDate "2006.06.07"]
[SourceVersion "1"]
[SourceVersionDate "2006.06.07"]
[SourceQuality "1"]
[WhiteTeam "Werder Bremen"]
[BlackTeam "Baden-Baden"]
[WhiteTeamCountry "GER"]
[BlackTeamCountry "GER"]

1. d4 Nf6 2. c4 g6 3. Nc3 d5 4. cxd5 Nxd5 5. e4 Nxc3 6. bxc3 Bg7 7. Nf3 c5 8.
Rb1 O-O 9. Be2 cxd4 10. cxd4 Qa5+ 11. Bd2 Qxa2 12. O-O Bg4 13. Bg5 h6 14. Be3
Nc6 15. d5 {eine Schlüsselstellung in der modernen Abtauschvariante der
Grünfeld-Indischen Verteidigung} Bxf3 16. gxf3 (16. Bxf3 {wird wegen
offensichtlicher Remistendenz vermieden, z.B.} Ne5 17. Rxb7 a5 $1 18. Rxe7 (18.
Bc5 a4 19. Bxe7 Rfb8 20. Rxb8+ Rxb8 21. d6 Qe6 $1 22. Qxa4 Nxf3+ 23. gxf3 Qh3
$1 {[%cal Rg7e5]} (23... Be5 24. Qa5 Bxd6) 24. Qa5 Qxf3 25. Qd5 Qg4+ {remis, L.
Van Wely - P. Svidler, Biel 2000}) 18... a4 19. Bd4 Nxf3+ 20. gxf3 Bxd4 21.
Qxd4 a3 22. d6 (22. Kg2 Qb2 23. Qxb2 axb2 24. Rb7 Rfb8 25. Rxb8+ Rxb8 26. Rb1
Kg7 27. f4 Kf6 28. h4 Rb3 29. f3 Ke7 30. e5 h5 31. Kf2 f6 32. Ke2 Rb5 33. Ke3
fxe5 34. fxe5 Rxd5 35. Rxb2 {remis, E. Agrest - J. Barkhagen, ch-SWE 2000})
22... Qe2 23. Kg2 a2 24. Ra1 Qf1+ 25. Kg3 Qg1+ 26. Kh3 Qf1+ 27. Kg3 {remis, V.
Kramnik - P. Svidler, Zürich 2001}) 16... Na5 ({Der als großer
Eröffnungsexperte bekannte Pole betritt damit unerforschte Gefilde. I} 16...
Nd4 {(üblich)} 17. Bd3 Qa3 $5 18. f4 Qd6 19. Rxb7 Rfb8 20. Qb1 Nf3+ 21. Kg2
Nh4+ {(M. Krasenkow - P. Svidler, Polanica Zdroj 2000)} 22. Kh1 e6 $1 23. Bxa7
(23. dxe6 fxe6) 23... Rxb7 24. Qxb7 Rd8 $13 {/=}) ({II} 16... Rfd8 17. Rxb7 e6
18. d6 Bf8 19. d7 Ne5 20. Bb5 $14) 17. Bc5 Rfc8 $5 $146 (17... Bf6 18. f4 Rfd8
19. Bf3 (19. Bxe7 Bxe7 20. Ra1 Qb2 21. Rxa5 a6 $13) 19... b6 20. Bb4 (20. e5)
20... e5 $6 21. Bc3 {V. Tsarouhas - M. Erdogdu, Thessaloniki 2001, 0:1/52}) 18.
Bb4 ({Oder auch} 18. Bxe7 Rc2 19. Bb4 Rxe2 20. Bxa5 b6 21. Bb4 {sieht nicht so
schlecht aus für Schwarz.} f5 $13 (21... a5 22. Be7 a4 $5 $132)) 18... Be5 $2 (
{Wahrscheinlich übersah Krasenkow das gleich folgende 20.Bg4. Gut spielbar war:
I Wahrscheinlich übersah mein Gegner den Zug 20.Bg4. Gut spielbar war:} 18...
e6 19. dxe6 fxe6 20. Bxa5 Qxa5 21. Rxb7 Rc7 22. Qb3 Rxb7 23. Qxb7 Rf8 $13) ({II
} 18... Rc7 $13 19. f4 Rd8) 19. f4 $1 Bxf4 20. Bg4 $1 ({Mit der Doppeldrohung
Bxc8 und Ra1; bloß nicht} 20. Ra1 $2 Qb3 {mit der Drohung Qh3} 21. Bg4 (21.
Bxa5 $4 Qh3 {nebst matt}) 21... Qxb4 22. Bxc8 Qxe4 (22... Rxc8 $2 23. Qg4) 23.
Ra4 Qe5 24. Bh3 Qc7 $17) 20... Rc4 21. Ra1 Qb2 (21... Qb3 $6 22. Bxa5 Qxd1 23.
Rfxd1 Rxe4 24. Bf3 $16) 22. Bxa5 Rxe4 $6 ({I} 22... b6 $2 23. Qd3 $18) ({II} 
22... Bd6 $5 23. Qf3 Qe5 (23... b6 24. Rfb1) 24. Qg2 $14) 23. Re1 $2 ({Nach
diesem Fehler gelingt es Schwarz, seine Kräfte zu koordinieren, was der Weiße
unterschätzte. Viel besser war} 23. Qf3 $1 $16) 23... Rxe1+ 24. Qxe1 Qf6 $1 $13
{/=} 25. Bh3 Qg5+ $6 ({Stärker war} 25... Qh4 $142 $5 {, z.B.} 26. Qf1 (26. Kg2
Qg5+ 27. Kh1 Qxd5+ 28. Bg2 Qg5) 26... Rc8 27. Bd2 Rc2 28. Bxf4 Qxf4) 26. Bg2
Rc8 27. Bb4 (27. Bc3 $5 a6 28. h3 $14) 27... Rc7 28. h3 (28. Qe4 {verwarf ich
wegen} Qh4 29. h3 b5 (29... Rc4 $2 {Ich übersah aber} 30. Bxe7 $1 $18) 30. Re1
Bg5 31. Qxh4 Bxh4 $14) 28... b6 29. Qe2 (29. Bc3) 29... Bd6 30. Bxd6 exd6 31.
Qb2 Kh7 32. Re1 Re7 33. Rd1 $14 ({I} 33. Rc1 $6 Re2) ({II Vielleicht war} 33.
Rxe7 Qxe7 34. Qc3 $14 {das gebotene Mittel, aber ohne Türme auf dem Brett
schätzte Weiß seine Chancen als relativ schlechter ein.}) 33... Qf4 34. Qb5
$138 Re5 35. Qd3 Re7 36. Qb5 Re5 37. Qd3 {Aus Bedenkzeiterwägungen ist es
manchmal nützlich, Züge zu wiederholen, aber hier hätte Weiß nach 37...Re7
keine dreimalige Stellungswiederholung riskieren dürfen.} Qb4 {Auf Anweisung
seines Teamcaptains wegen der ungewissen Matchsituation verwarf Krasenkow die
Zugwiederholung!} 38. Kf1 Re7 39. Rc1 Qf4 40. Rc2 {Weiss hat seine Figuren
verbessert, aber erst der kommende Fehler gibt mir wirklich Chancen auf
Vorteil.} a5 $6 (40... Qb4 $142 41. Qc3 Qf4 (41... Qxc3 $2 42. Rxc3 {/\Rc6+/-})
) 41. Qc3 Qa4 (41... Re5) 42. Rc1 Re5 {Nun nach der Zeitkontrolle erfolgt
Krasenkows Remisangebot zu spät.} 43. Qc7 $1 {Ergreift die Initiative.} Qf4 44.
Rb1 $6 ({I} 44. Rc4 $2 Re7 $1) ({II} 44. Rc3 $1 Rf5 45. Qxb6 $16) 44... a4 (
44... Rg5 45. Rxb6 $1) 45. Qxb6 (45. Rxb6 a3 46. Rb7 Rf5 47. Qc2 Qe5 48. Rb1
Rf4 49. Re1 Qf6 {kommt etwa auf dasselbe hinaus.}) 45... a3 46. Qa7 $6 (46. Qb3
$142 Rf5 47. Qc2) 46... Rf5 $6 (46... Rg5 $142 47. Rd1 Rg3 48. Kg1 Rc3 49. Rf1
Kg7 50. Qa6 Kh7 51. Kh1 Kg7) 47. Ra1 $6 (47. Kg1 $142 Rg5 48. Rb3 Qc1+ 49. Kh2
Qf4+ 50. Rg3 a2 51. Qxa2 h5 52. Kg1 Rxg3 53. fxg3 Qxg3 54. Qe2 h4 $14) 47...
Qd2 $2 {Für diesen Zug überlegte Krasenkow sehr lange, wonach - wie so oft -
nichts Gutes herauskommt. Dies ließ Pelletier auch auf der Uhr in Vorteil
kommen.} (47... Rg5 $142 $5 48. Rd1 $14 (48. Qxa3 $4 Qc4+ 49. Kg1 Qe4 $19) (48.
Qe3 $2 Qc4+ 49. Kg1 Qxd5)) 48. Kg1 $2 ({Der Kraftzug} 48. Be4 $1 {hätte die
Chose wesentlich vereinfacht:} Rf4 {/Rf6} 49. Rxa3 $18) 48... Qb2 49. Qxa3 (49.
Rxa3 $6 Qc1+ 50. Kh2 Qf4+ 51. Rg3 h5 $1 52. Kg1 (52. Qe3 $2 Qxf2 53. Qxf2 Rxf2
54. Rc3 h4 55. Rc4 g5 56. Rc7 Kg7 57. Rd7 Kf6 $1 58. Rxd6+ Ke5 59. Ra6 f5 60.
Re6+ Kf4 61. Rh6 Rd2 $11) 52... Qc1+ 53. Bf1 Qd1 $1 $132) 49... Qxf2+ 50. Kh1
Qd4 51. Re1 Qd2 52. Rg1 $6 {Besser war sowohl 52.Re7 als auch 52.Qc1.} Rf6 53.
Qa7 $2 ({Entfernt sich zu weit vom Königsflügel; stark war hingegen} 53. Qg3
$142 $1 {mit Fixierung des Schwachpunktes d6.}) 53... Rf2 54. Qa4 Qe3 55. Qc4
Kg7 56. Qc1 Qxc1 ({Nach} 56... Qg3 $1 57. Qa1+ Kh7 58. Qd4 h5 59. Qe4 Rf4 60.
Qe2 Rf2 61. Qe4 Rf4 62. Qe1 Rf2 $11 {kann Weiß seine Stellung nicht verstärken.
}) 57. Rxc1 Kf6 58. Kg1 $6 ({Eher zu versuchen war} 58. Kh2 $142 Rf4 59. Kg3 g5
60. Bf3) 58... Rd2 $2 $138 ({Mit nur noch wenigen Minuten auf der Uhr ist es
nicht einfach, sich fehlerfrei zu verteidigen. Schwarz musste den weißen König
abschneiden:} 58... Rf4 {(=)}) 59. Rc7 {Nun sind die schwarzen Figuren zur
Passivität verurteilt.} Ra2 ({Das aktive} 59... Rd4 $2 60. Rd7 Rf4 61. Rxd6+
Ke5 {kann sich Schwarz nicht erlauben:} 62. Rd8 h5 63. Re8+ Kd6 (63... Kf5 $2
64. Be4+ Kg5 65. d6 $18) 64. Re4 $1 $18 Rf6 (64... Rxe4 65. Bxe4 f5 66. Bh1) (
64... Rf5 65. Rc4) 65. Rc4) 60. Rd7 Ra6 61. Kf2 g5 62. Bf3 Kg6 63. Rc7 Ra8 64.
Rd7 Ra6 65. Be2 Rb6 66. Bd3+ Kf6 (66... f5 $2 67. Re7 $18) 67. Ke3 Ke5 68. Bc4
Rb4 69. Kd3 f5 70. Re7+ Kf4 71. Re6 Rb6 72. Rxh6 g4 73. hxg4 fxg4 {Bei
beiderseits knapper Bedenkzeit kurz vor Ende der sechsten Stunde und
unverändert komplizierter wie interessanter Stellung konnte der Rest der
Partie leider nur auf Blitzniveau erfolgen.} 74. Kd4 (74. Rf6+ Ke5 75. Rg6 Kf4
76. Rg8 Rb4 77. Rf8+ Ke5 78. Kc3 Ra4 79. Re8+ Kf5 (79... Kf4 $2 80. Re6 Ra3+
81. Kb4 Ra7 82. Rxd6 Rg7 83. Bf1 $18) 80. Bb5 Ra1 81. Kd4 g3 82. Rf8+ Kg4 83.
Bd7+ Kg5 84. Bh3 Re1 85. Kd3 Kh4 86. Bg2 Kg4 (86... Rg1 87. Bf3 $18) 87. Rf1
Re8 88. Rf6 Rd8 89. Ke4 {usw. +-}) 74... g3 75. Rg6 $2 ({Es gewann} 75. Rf6+
Kg5 (75... Kg4 76. Bd3 (76. Ke3) 76... Rb4+ 77. Ke3 Rb3 78. Rxd6 g2 79. Rg6+
Kh3 80. Kf4 g1=Q 81. Rxg1 Rxd3 82. Ke5 $18) 76. Rf8 Rb4 77. Kc3 Ra4 78. Rg8+
Kf4 79. Rg6 Kf3 80. Rf6+ Ke3 81. Bf1 Ra1 82. Bg2 Rg1 83. Rf3+ Ke2 84. Rxg3 Kf2
85. Rg6 Rxg2 86. Rxd6 $18) 75... Kf3 $2 ({Vergibt die letzte, klare
Remischance durch} 75... Rb2 $1 {, z.B.:} 76. Rf6+ (76. Rxd6 g2 77. Rg6 Kf3 $11
78. Bd3 (78. d6 Kf2) 78... Kf2) (76. Bf1 Rd2+ 77. Kc4 Rc2+ 78. Kd3 Ra2 79. Rg8
(79. Rxd6 Ke5 80. Rg6 Kxd5 $11) 79... Ke5 80. Kc3 Rh2 81. Rg5+ Ke4 82. Kc4 Rc2+
83. Kb3 Rh2 $11) 76... Kg5 77. Rf8 g2 78. Ke4 Kg4 79. Rg8+ Kh3 80. Kf3 Kh2 81.
Rg6 (81. Bd3 g1=N+) 81... Kh1 82. Rh6+ Kg1 83. Rxd6 Rf2+ 84. Ke3 Rf8 85. Rh6 (
85. Bd3 Kh2 $11) 85... Rh8 $11) 76. Rf6+ Kg2 77. Bd3 Kg1 78. Be4 $18 Ra6 79.
Rg6 Kf2 80. Rf6+ Kg1 81. Ke3 Rb6 82. Rg6 (82. Kf3 g2 83. Rg6 Rb2 84. Kf4) 82...
Kh2 {(?)} (82... Rb3+ 83. Kd2 Kf2 84. Rf6+ Kg1 85. Rxd6) 83. Rh6+ 1-0

[Event "Reykjavik zt"]
[Site "Reykjavik"]
[Date "1995.??.??"]
[Round "1"]
[White "Petursson, Margeir"]
[Black "Ernst, Thomas"]
[Result "1-0"]
[WhiteElo "2535"]
[BlackElo "2465"]
[Annotator "Petursson,M"]
[PlyCount "155"]
[EventDate "1995.03.??"]
[EventType "swiss"]
[EventRounds "11"]
[EventCountry "ISL"]
[SourceTitle "CBM 047"]
[Source "ChessBase"]
[SourceDate "1995.08.01"]
[SourceVersion "1"]
[SourceVersionDate "1995.08.01"]
[SourceQuality "1"]

1. d4 {Hecht Ftacnik Ernst} Nf6 2. c4 g6 3. Nc3 d5 4. cxd5 Nxd5 5. e4 Nxc3 6.
bxc3 Bg7 7. Nf3 c5 8. Rb1 O-O 9. Be2 cxd4 10. cxd4 Qa5+ 11. Bd2 Qxa2 12. O-O
Nd7 13. Bb4 a5 14. Ra1 (14. Bxe7 {Ftacnik} Re8 15. Ra1 Qe6 16. Ba3 Qxe4 17. Bc4
Qf5 18. Rb1 Nf8 19. Rb5 Qf4 20. g3 Qf6 21. Ne5 Ne6 22. f4 Qd8 23. d5 Nc7 24.
Rb6 {Wells,P-Gurevich,I/London Lloyds (10)/1994/1-0 (40)}) 14... Qe6 15. Qc2 (
15. Bd3 {Ftacnik} b6 16. Ba3 Ba6 17. Bxa6 Rxa6 18. Qe2 Raa8 19. Rac1 Rfc8 20.
d5 Qf6 21. e5 Nxe5 22. Nxe5 Rxc1 23. Rxc1 Qxe5 24. Qxe5 {Etchegaray,P-Leko,P/
Oviedo 25' (03)/1993/0-1 (33)}) 15... Nf6 16. Ne5 $1 {N} (16. Bd3 {Ftacnik} Nh5
17. Bc4 (17. Rfd1 Nf4 18. Bf1 b6 19. d5 Qg4 20. Nd4 Ba6 21. f3 Qg5 22. Bxa6
axb4 23. g3 b3 24. Qb2 {Brenninkmeijer,J-Van Mil,J/NLD-ch (07)/1991/0.5 (99)})
17... Qd7 18. Rfd1 Nf4 19. Ne5 Bxe5 20. dxe5 Qg4 21. f3 Qg5 22. Rxa5 Rxa5 23.
Bxa5 Qxe5 24. Bb4 {Sadler,M-Krasenkov,M/Hastings9394 (8)/1993/0.5 (30)}) 16...
Nd7 (16... b5 17. Rxa5 Rxa5 18. Bxa5 Bb7 19. Bd3 Rc8 20. Qb1 $14 {
Nedobora-Krasenkova, Moscow 1994}) 17. Nf3 Nf6 18. Ne5 Nd7 19. Bc4 Qf6 20. f4
$1 (20. Nxf7 {Ernst} Rxf7 21. e5 Qb6 22. Bxe7 $13) 20... Qb6 (20... Nxe5 {
Ftacnik} 21. fxe5 Qb6 22. Bc5 Qd8 23. Qb3 $16) 21. Bxe7 Bxe5 (21... Nxe5 22.
fxe5 Qxd4+ 23. Kh1 b5 24. Bd5 Be6 (24... Bd7 25. Bxf8 Rxf8 26. Rxa5 {x f7}) 25.
Bxf8 Rxf8 26. Bxe6 fxe6 27. Rxf8+ Bxf8 28. Rxa5 $16) 22. fxe5 Qxd4+ 23. Kh1
Nxe5 (23... Re8 {Ftacnik} 24. Bxf7+ $18) 24. Bd5 $1 $16 (24. Bxf8 {Ftacnik}
Qxc4 25. Qb2 Qe6 $13) 24... Bg4 (24... Re8 {Ftacnik} 25. Bc5 Qd3 26. Bxf7+ $18)
25. Bc5 (25. Bxf8 $16) 25... Qd3 26. Qb2 Nd7 (26... Rfe8 27. Bd4 $18 (27. Bd6
$1 {Ftacnik} Nf3 28. h3 $18)) 27. Bxf8 (27. Bd4 Be6 (27... Qe2 28. Qb3 h5 29.
h3 $18) (27... Qe2 28. Qb3 (28. Qc3 {Ernst} Be6 $8 (28... Rac8 29. Rxf7 $18))
28... h5 29. h3 $18) 28. Bh8 f6 29. Bxe6+ Kxh8 30. Rad1 Qxe4 31. Bxd7 $16)
27... Rxf8 28. h3 Bh5 29. Qf2 (29. Qxb7 Ne5 30. Qc7 Be2 31. Rf4 Qd4 32. Rxa5
$18) 29... Kg7 (29... Ne5 {Ftacnik} 30. Rxa5 $18) 30. Rxa5 f5 $1 31. Qb2+ Nf6 (
31... Rf6 {Ftacnik} 32. Rfa1 fxe4 33. Qxb7 Rd6 34. Bxe4 $18) 32. Rc1 $6 (32.
Raa1 Kh6 $1 (32... fxe4 33. Qxb7+ Kh6 34. Qe7 Re8 35. Qxf6 Qxd5 36. Ra7 Qe5 37.
Qf7 $18) (32... b6 33. Qe5 Re8 34. Ra7+ Kh6 35. Qf4+ $18) 33. Qc1+ g5 34. Rxf5
$18) (32. Raa1 $1 $18 {Ernst}) (32. Re1 $2 {Ernst} Qg3 $132 {/\ 33..f4}) (32.
Qxb7+ {Ftacnik} Kh6 33. Rfa1 $40) 32... Kh6 $1 33. Ra3 (33. Qxb7 $5 {Ftacnik}
Nxe4 34. Ra7 $40) 33... Qe2 34. Qxe2 $2 $138 (34. Qxb7 Nxe4 (34... fxe4 35. Qe7
) (34... f4 35. Qe7 Nd7 36. Rg1 f3 37. g4 $1 $18) 35. Ra7 Nf2+ 36. Kh2 Qe5+ 37.
g3 f4 38. Qxh7+ Kg5 39. h4+ Kg4 40. Qd7+ Rf5 41. Rc4 $18) 34... Bxe2 35. Bxb7
fxe4 (35... Nxe4 36. Bxe4 (36. Re1 $2 Bd3 (36... Bd3 {Ftacnik} 37. Kg1 Rb8 38.
Bd5 Rb1 39. Rxb1 Bxb1 $14)) (36. Re1 $18 {Ernst}) 36... fxe4 37. Rc7 Bd3 (37...
Bf1 38. Kg1 Bd3 39. Raa7 Rf1+ 40. Kh2 e3 41. Rxh7+ Kg5 42. h4+ Kg4 43. Ra4+ Rf4
$13) 38. Re7 $16) 36. Kg1 Bd3 37. Ba6 Bxa6 38. Rxa6 {Hecht: RR<->RN.
Schwierige Technik bei wenig Bauern auf einem Flügel.} Nh5 39. Re1 $2 (39. Re6
Ng3 40. Rc7 $18) 39... Re8 40. Kf2 Kg5 $2 (40... Nf4 41. Kg3 Nd5 $1 $14 {/\}
42. Ra5 Re5 43. Rd1 Rg5+ 44. Kh2 e3 $1) 41. g4 Nf4 (41... Ng7 {Ftacnik} 42. Ra7
$18) (41... Nf6 {Ftacnik} 42. h4+ $18) 42. Kg3 Nd3 43. h4+ Kh6 44. Ra7 (44. g5+
Kg7 45. Ra7+ Kg8 46. Re3 $18 {/\ Rc7-c4} Re5 47. Rc7 Kh8 48. Rc4 Nc5 49. Rec3
Ne6 50. Kf2 Kg7 51. Ke3 h6 52. Rxe4 Rxe4+ 53. Kxe4 hxg5 54. Ke5 Kf7 55. Ra3 $18
) 44... g5 (44... Nxe1 {Ftacnik} 45. g5+ Kh5 46. Rxh7#) (44... Rh8 {Ftacnik}
45. Rxe4 $18) 45. Rb1 $2 (45. Rh1 $1 Ne5 (45... e3 46. hxg5+ Kxg5 47. Ra6 $18)
46. hxg5+ Kxg5 47. Raxh7 e3 48. R7h6 Ng6 49. R6h5+ Kf6 50. Re1 $18) 45... gxh4+
(45... Re6 {Ftacnik} 46. h5 (46. hxg5+ Kxg5 47. Rg7+ Kf6 48. Rxh7 $18) 46...
Nc5 47. Rf1 e3 48. Rff7 Ne4+ 49. Kf3 Nf6 50. Rae7 $18) 46. Kxh4 Nf4 $1 47. Rbb7
Ng6+ (47... Rh8 {Ftacnik} 48. g5+ Kg6 49. Rb6+ Kf5 50. Ra5+ $18) 48. Kg3 Nf8 (
48... Rh8 {Ftacnik} 49. Rf7 $1 e3 50. Rf5 Nf8 51. Raf7 e2 52. Kf2 $18) 49. Re7
Rb8 $2 (49... Rxe7 50. Rxe7 Ng6 51. Ra7 (51. Rxe4 Kg5 52. Ra4 h6 $10) (51. Rxe4
$18 {Ftacnik}) 51... e3 52. Ra5 e2 53. Kf2 Nf8 54. Kxe2 Kg7 55. Kf3 h6 56. Ke4
Ng6 $10) 50. Rxe4 Rb3+ 51. Kf2 Ng6 52. Ra5 Rb7 53. Re3 Kg7 54. Kg3 Rc7 55. Rea3
Kh6 (55... h6 $5 {/\} 56. Ra7 Rxa7 57. Rxa7+ Kf6 $10) (55... Kf6 {Ftacnik} 56.
Ra7 $18) 56. Ra7 Rc1 57. Rf3 Rg1+ 58. Kh3 Rh1+ 59. Kg3 Rg1+ 60. Kh3 Rh1+ 61.
Kg2 Rb1 (61... Nh4+ 62. Kxh1 Nxf3 63. Kg2 Ne5 64. Kg3 Kg6 {/\ h6, Kf6, Ng6 =}
65. Ra5 $1 Nf7 66. Kf4 Kf6 67. Ra6+ Kg7 68. g5 $18) 62. Rfa3 (62. Rg3 {Ernst /
\ 63.g5} Rb2+ 63. Kf1 Rb1+ 64. Ke2 Rb2+ 65. Kd1 Ne5 $1) 62... Kg5 $2 (62... Rb4
63. Kg3 {/\ 64.R3a5} (63. Kh3 $1 $16 {Ernst /\ 64.R3a5}) 63... Ne5 (63... Rb1
$1 $14) 64. R3a6+ Ng6 65. Ra5 $1 $18) 63. Rxh7 $1 $18 Rb4 (63... Kxg4 $2 64.
Rg3+ Kf5 65. Rh5+ Kf6 66. Rh6 $18) (63... Nf4+ 64. Kf2 Kxg4 65. Rg3+ Kf5 66.
Rf7+ Ke5 67. Re3+ $18) 64. Kh3 Nf4+ 65. Kg3 Ne2+ 66. Kf2 Nd4 (66... Rb2 67. Ke3
Kxg4 68. Rh2 Nc3 69. Rxb2 Nd1+ 70. Ke2 Nxb2 71. Rb3 Nc4 72. Rb4 $18) (66... Nf4
{Ftacnik} 67. Kf3 Rb5 68. Rh8 Rc5 69. Rg8+ Ng6 70. Ra6 $18) 67. Rg7+ Kf4 68.
Kg2 Rb2+ 69. Kh3 Ne6 (69... Nf3 $2 {Ftacnik} 70. Rf7+) 70. Rf7+ Kg5 71. Rf5+
Kg6 72. Ra6 Re2 73. Rb5 Re1 (73... Kf7 {Ftacnik} 74. Rb7+ Kf6 75. Rbb6) 74.
Rbb6 Kf6 75. Rxe6+ Rxe6 76. Rxe6+ Kxe6 77. Kh4 Kf6 78. Kh5 (78. Kh5 {Ftacnik}
Kg7 79. Kg5) 1-0